Documents on Indian affairs, 1960 (Record no. 369706)

000 -LEADER
fixed length control field 00479cam a22001457a 4500
008 - FIXED-LENGTH DATA ELEMENTS--GENERAL INFORMATION
fixed length control field 180718b1965 xxu||||| |||| 00| 0 eng d
082 ## - DEWEY DECIMAL CLASSIFICATION NUMBER
Classification number A6x54082 In2/60
245 ## - TITLE STATEMENT
Title Documents on Indian affairs, 1960
Statement of responsibility, etc. by Indian Council of World Affairs, New Delhi
260 ## - PUBLICATION, DISTRIBUTION, ETC.
Place of publication, distribution, etc. Bombay
Name of publisher, distributor, etc. Asia
Date of publication, distribution, etc. 1965
300 ## - PHYSICAL DESCRIPTION
Extent 636p.
500 ## - GENERAL NOTE
General note Rs.66.00
650 ## - SUBJECT ADDED ENTRY--TOPICAL TERM
Topical term or geographic name entry element India - foreign Relations - Documents
650 ## - SUBJECT ADDED ENTRY--TOPICAL TERM
Topical term or geographic name entry element India - Politics - Documents
700 ## - ADDED ENTRY--PERSONAL NAME
Personal name Indian Council of World Affair s, New Delhi
Holdings
Withdrawn status Lost status Damaged status Not for loan Permanent Location Current Location Date acquired Full call number Barcode Date last seen Price effective from Koha item type
        Indian Institute of Public Administration Indian Institute of Public Administration 1994-06-02 A6x54082 In2/60 38243 2018-07-21 2018-07-21 Book

Powered by Koha